000 00661nam a2200241Ia 4500
003 OSt
005 20220918215736.0
006 a|||||r|||| 00| 0
007 ta
008 220917b |||||||| |||| 00| 0 eng d
024 _a142,411
037 _cTextual
040 _aARTS
_cARTS
_beng
041 _2eng
_aeng
082 _aY12:SM95, J0
100 _aFlugel J C
_983557
245 0 _aPsycho-analytic study of the family
260 _aNA
_bNA
_c1960
490 _aInternational psycho-analytical library, ed. by Ernest Jones; 3
650 _aSOCIOLOGY
942 _hY12:SM95, J0
_cTEXL
_2CC
999 _c265369
_d265369